| 000 | 01214nam a2200313 4500 | ||
|---|---|---|---|
| 003 | EG-GICUC | ||
| 005 | 20260510124854.0 | ||
| 008 | 260510s1958 ua |||fr|||| 00| 0 ara d | ||
| 017 | _a2004/3838 | ||
| 040 |
_aEG-GiCUC _bara _cEG-GiCUC _dEG-GiCUC _eRda |
||
| 041 | _aara | ||
| 082 | 0 | 4 |
_221 _a343.3754 _bم ح . م |
| 092 | 0 | 4 | _221 |
| 099 | _aLaw1 10 343.3754 م ح . م 1958 | ||
| 110 |
_aمحكمة النقض _eمعد. |
||
| 245 | 1 | 2 |
_aمجموعة القواعد القانونية التي قررتها مجكمة النقض في خمسة وعشرين عاما من اول انشائها في 1931 حتى 31ديسمبر 1955 / _cمحكمة النقض. _nالجزء الاول |
| 264 |
_aالقاهرة: _bمطابع مدكور واولاده, _c1958. |
||
| 300 |
_a1230 صفحة : _c 24 سم. |
||
| 336 |
_2rda contenu _a texte |
||
| 337 |
_2rda medias _aOrdinateur |
||
| 338 |
_2 transporteur rda _a Ressource en ligne |
||
| 546 | _aالنص باللغة العربية | ||
| 650 | 1 |
_aقانون دولي عام _2qrmak |
|
| 650 | 1 |
_aمحكمة النقض _2qrmak |
|
| 651 | 1 | _2qrmak | |
| 856 | 4 | 0 | _uhttps://fll.law.cu.edu.eg/fulltext/bks/B10-10263.pdf |
| 905 | _a72 | ||
| 942 |
_2ddc _n0 _cBK _e21 |
||
| 999 |
_c76476 _d76476 |
||